00425nam a2200181Ia 4500003000900000008004100009040001300050040001300063041000800076100001700084245006900101250000900170260002600179260000900205300001100214300001200225490000600237IT-RoPAU120407s9999 xx 000 0 und d aIT-RoPAU cIT-RoPAU aita aTullio Vinci aMartiri clarettiani a Barbastro. Dalla cronaca dei protagonisti. aRoma aPostulazione Generale c1992 a225 p. c20,5 cm v1